Οι πολιτικοί και στρατιωτικοί θεσμοί της λατινικής αυτοκρατορίας της Κωνσταντινουπόλεως
Αποθηκεύτηκε σε:
| Κύριος συγγραφέας: | |
|---|---|
| Μορφή: | Βιβλίο |
| Γλώσσα: | Greek |
| Δημοσίευση: |
Αθήνα :
Δημιουργία,
1999.
|
| Έκδοση: | 2η έκδ. |
| Σειρά: | Μελέτες για τη βυζαντινή και μεταβυζαντινή ελληνική ιστορία ;
v.12 |
| Θέματα: | |
| Ετικέτες: |
Προσθήκη ετικέτας
Δεν υπάρχουν, Καταχωρήστε ετικέτα πρώτοι!
|
MARC
| LEADER | 00000cam a2200000 i 4500 | ||
|---|---|---|---|
| 001 | 1/57630 | ||
| 008 | 020122s1999 gr | ||| |||| ||gre|| | ||
| 035 | |l 10000191 | ||
| 040 | |a GR-MY-UA |b gre |e aacr | ||
| 041 | 0 | |a gre | |
| 082 | 7 | |a 938.371 |2 (22) | |
| 100 | 1 | |a Hendrickx, Benjamin. | |
| 245 | 1 | 3 | |a Οι πολιτικοί και στρατιωτικοί θεσμοί της λατινικής αυτοκρατορίας της Κωνσταντινουπόλεως / |c Benjamin Hendrickx ; προλογικά: Αλέξης Γ.Κ. Σαββίδης. |
| 250 | |a 2η έκδ. | ||
| 260 | |a Αθήνα : |b Δημιουργία, |c 1999. | ||
| 300 | |a 188 σ. : |b εικ. ; |c 24 εκ. | ||
| 490 | 1 | |a (Μελέτες για τη βυζαντινή και μεταβυζαντινή ελληνική ιστορία ; |v 12) | |
| 504 | |a Βιβλιογραφία : σ. [12]-22. | ||
| 651 | 0 | |a Latin Empire, 1204-1261 |x Politics and government. | |
| 830 | 0 | |a Μελέτες για τη βυζαντινή και μεταβυζαντινή ελληνική ιστορία ; |v v.12 | |
| 852 | |a INST |b RHODES |e 20020122 |h 938.371 HEN |p 005400016744 |q 005400016744 |t BK |y 0 | ||
| 901 | |a BIBL4-2002-1 | ||
| 909 | |a Ρ |b 085169 | ||
| 970 | |a ΚΟΥΛΑΚΙΟΤΗ |b ΛΙΤΣΑ |z 2002/01/22 | ||